01019 2200205 4500001002100000005001500021035002000036007000300056008003900059020002200098082001200120084001600132100001600148245006600164260003500230300004600265520037000311600006900681500006300750INLIS00000000001099620230222113302 a0010-0223000094ta230222 | | |  a978-90-04-25059-8 a342.598 a342.598 THE0 aButt, Simon14aConstitutional Court and Democracy in Indonesia /cSimon Butt aLeiden :bBrill Nijhoff,c2015 axxxv, 312 pages :billustrations ;c25 cm aThe Constitutional Court and Democracy in Indonesia provides detailed, English-language analysis of Indonesias Constitutional Court. Established in 2003, the Court has been at the forefront of democratic reform in Indonesia, shaping the rules under which Indonesian elections are run, enforcing democracy-related rights, and resolving hundred of electoral disputes. 4aIndonesia. Mahkamah Konstitusi Constitutional courts--Indonesia. ae-book